Southville International School and Colleges
Your cart is empty.
  • Cart
  • Lists
    Public lists Eva Luna New books Lux_list list_1
    Your lists Log in to create your own lists
  • Log in to your account
  • Your cookies
  • Search history
Southville International School and Colleges
  • Advanced search
  • Recent comments
  • Most popular
  • Libraries

Log in to your account

Log in with GOOGLE


If you do not have an external account, but do have a local account, you can still log in:

  1. Home
  2. MARC view: Shirley Botsford's decorating with fabric crafts :
Normal view MARC view ISBD view

Shirley Botsford's decorating with fabric crafts : (Record no. 19227)

[ view plain ]
MARC details
000 -LEADER
fixed length control field 00580nam a2200181 a 4500
005 - DATE AND TIME OF LATEST TRANSACTION
control field 20140310183134.0
008 - FIXED-LENGTH DATA ELEMENTS--GENERAL INFORMATION
fixed length control field 030929s19uu xx 00 eng d
020 ## - INTERNATIONAL STANDARD BOOK NUMBER
International Standard Book Number 0873416775
050 ## - LIBRARY OF CONGRESS CALL NUMBER
Classification number TT 699
Item number .B68 1999
100 ## - MAIN ENTRY--PERSONAL NAME
Personal name Botsford, Shirley
245 ## - TITLE STATEMENT
Title Shirley Botsford's decorating with fabric crafts :
Remainder of title create elegant home accessories inspired by architecture /
Statement of responsibility, etc Shirley Botsford.
260 ## - PUBLICATION, DISTRIBUTION, ETC. (IMPRINT)
Place of publication, distribution, etc Iola, WI :
Name of publisher, distributor, etc Krause Publications,
Date of publication, distribution, etc 1999.
300 ## - PHYSICAL DESCRIPTION
Extent 125 p. :
Other physical details ill. col. ;
Dimensions 28 cm.
650 ## - SUBJECT ADDED ENTRY--TOPICAL TERM
Topical term or geographic name as entry element sewing
650 ## - SUBJECT ADDED ENTRY--TOPICAL TERM
Topical term or geographic name as entry element Patterns
942 ## - ADDED ENTRY ELEMENTS (KOHA)
Koha item type Books
Source of classification or shelving scheme Library of Congress Classification
Call number prefix Foreign
Holdings
Withdrawn status Lost status Source of classification or shelving scheme Damaged status Home library Current library Shelving location Date acquired Total Checkouts Full call number Barcode Date last seen Copy number Price effective from Koha item type
    Library of Congress Classification   College Library College Library General Circulation Section 09/29/2003   TT 699 .B68 1999 C4054 05/15/2018 1 10/10/2013 Books

Shirley Botsford's decorating with fabric crafts :

APA

Botsford S., . (1999). Shirley Botsford's decorating with fabric crafts. Iola, WI: Krause Publications.

Chicago

Botsford Shirley, . 1999. Shirley Botsford's decorating with fabric crafts. Iola, WI: Krause Publications.

Harvard

Botsford S., . (1999). Shirley Botsford's decorating with fabric crafts. Iola, WI: Krause Publications.

MLA

Botsford Shirley, . Shirley Botsford's decorating with fabric crafts. Iola, WI: Krause Publications. 1999.

  • Place hold
  • Print
  • Cite
  • Add to your cart (remove)
  • Save record
    BIBTEX Dublin Core MARCXML MARC (non-Unicode/MARC-8) MARC (Unicode/UTF-8) MARC (Unicode/UTF-8, Standard) MODS (XML) RIS
  • More searches
    Search for this title in:
    Other Libraries (WorldCat) Other Databases (Google Scholar) Online Stores (Bookfinder.com) Open Library (openlibrary.org)

Exporting to Dublin Core...

SOUTHVILLE LIBRARY

Southville International School and Colleges Library

1281 Tropical Ave. Cor. Luxembourg St., BF Homes International, Las Pinas City

Tel. No. 8256374 / 252358 Loc. 117/146

Powered by Koha